Principles of General Anatomy (Record no. 720)

MARC details
000 -LEADER
Fixed length control field 00507nam a2200193Ia 4500
003 - CONTROL NUMBER IDENTIFIER
Control field IIN
005 - DATE AND TIME OF LATEST TRANSACTION
Control field 20240201161244.0
008 - FIXED-LENGTH DATA ELEMENTS--GENERAL INFORMATION
Fixed length control field 231217s9999 xx 000 0 und d
020 ## - INTERNATIONAL STANDARD BOOK NUMBER / ISBN
Price Rs.300.00
International Standard Book Number 9780818679353
040 ## - CATALOGING SOURCE
Original cataloging agency IIN
Language of cataloging English
082 ## - DEWEY DECIMAL CLASSIFICATION NUMBER
Classification number 611
Book Number DAT
100 1# - MAIN ENTRY--PERSONAL NAME
Personal name Datta, Asim Kumar
245 1# - TITLE STATEMENT
Title Principles of General Anatomy
Statement of responsibility Asim Kumar Datta
250 ## - EDITION STATEMENT
Edition statement 7th ed
260 ## - IMPRINT
Name of publisher K.P. Basu Publication
Place of publication Kolkata
Date of publication 2016
300 ## - PHYSICAL DESCRIPTION
Page / Vol. No 231 p.
650 1# - SUBJECT ADDED ENTRY--TOPICAL TERM
Topical term Anatomy
Form subdivision General
942 ## - ADDED ENTRY ELEMENTS (KOHA)
Koha item type Books
Holdings
Withdrawn status Lost status Source of classification Damaged status Not for loan Collection code Home library Current library Date acquired Price Total Checkouts Call number Accession number Date last seen Price effective from Koha item type
    Dewey Decimal Classification       IDEAL INSTITUTE OF NURSING IDEAL INSTITUTE OF NURSING 17/12/2023 300.00   611 DAT 715 17/12/2023 17/12/2023 Books
    Dewey Decimal Classification       IDEAL INSTITUTE OF NURSING IDEAL INSTITUTE OF NURSING 17/12/2023 300.00   611 DAT 716 17/12/2023 17/12/2023 Books
    Dewey Decimal Classification       IDEAL INSTITUTE OF NURSING IDEAL INSTITUTE OF NURSING 17/12/2023 300.00   611 DAT 717 17/12/2023 17/12/2023 Books
    Dewey Decimal Classification       IDEAL INSTITUTE OF NURSING IDEAL INSTITUTE OF NURSING 17/12/2023 300.00   611 DAT 718 17/12/2023 17/12/2023 Books
    Dewey Decimal Classification       IDEAL INSTITUTE OF NURSING IDEAL INSTITUTE OF NURSING 17/12/2023 300.00   611 DAT 719 17/12/2023 17/12/2023 Books
© Ideal Institute Of Nursing, All rights reserved.         Powered by Koha